01489nam a2200313 i 4500003000900000005001700009007000300026008004100029020001500070040003000085082001400115100003300129245006600162250001900228264003100247300004500278336002700323337003300350338002800383490002500411505048400436590002700920650002800947700003600975910000701011942001401018952012601032999001701158DO-SdBNP20240710131446.0ta240710s2023 dr r 000 0 spa d a8497321634 aDO-SdBNPbspacBNPHUerda bR328h222 aRees, W. David935398eautor13aHabilidades de dirección /cW. David Rees, Christine Porter a5ta. edición 1aMadrid :bThomson,c2023.  a480 páginas :bilustraciones ;c24 cm. 2rdacontentatextobtxt 2rdamediaasin mediaciónbn 2rdacarrieravolumenbnc aColección negocios aIntroducción xxv|Los directivos y sus antecedentes 1|Definición del trabajo del directivo 28|El directivo y la organización 57|Estilos de dirección 99|Delegación 129|Motivación 149|Sistemas retributivos 175|Comunicación 197|Selección 237|Evaluación 271|Formación 295|Asesoramiento 317|Medidas disciplinarias y despidos 331|Relaciones con los empleados 369|Habilidades de negociación 405|Reuniones y su presidencia 435|Conclusión 459|Indice analítico 463 aInventariado, 2024/ DG aAdministración914357 aPorter, Christineeautor985642 aDG 2ddccLBS1 00102ddc56708DSaBNPHUbBNPHUcCTd2024-07-10edonaciónl0oBNPHU GR R328hp2024-4314r2024-07-10w2024-07-10yLBS1 c57238d57238